Si le das un panqueque a una cerdita / (Record no. 20769)

MARC details
000 -LEADER
fixed length control field 01059cam a2200313 a 4500
001 - CONTROL NUMBER
control field FLC43316210
003 - CONTROL NUMBER IDENTIFIER
control field CoBoFLC
005 - DATE AND TIME OF LATEST TRANSACTION
control field 20200214145129.0
008 - FIXED-LENGTH DATA ELEMENTS--GENERAL INFORMATION
fixed length control field 080924s1999 nyua b 000 1 spa
020 ## - INTERNATIONAL STANDARD BOOK NUMBER
International Standard Book Number 0439139554 (pbk.)
020 ## - INTERNATIONAL STANDARD BOOK NUMBER
International Standard Book Number 9780439139557 (pbk.)
040 ## - CATALOGING SOURCE
Original cataloging agency CoBoFLC
Transcribing agency CoBoFLC
041 1# - LANGUAGE CODE
Language code of text/sound track or separate title spa
Language code of original eng
100 1# - MAIN ENTRY--PERSONAL NAME
Personal name Numeroff, Laura Joffe.
240 10 - UNIFORM TITLE
Uniform title <a href="If you give a pig a pancake.">If you give a pig a pancake.</a>
Language of a work Spanish.
245 10 - TITLE STATEMENT
Title Si le das un panqueque a una cerdita /
Statement of responsibility, etc. por Laura Numeroff ; ilustrado por Felicia Bond ; traducido por Teresa Mlawer.
260 ## - PUBLICATION, DISTRIBUTION, ETC. (IMPRINT)
Place of publication, distribution, etc. New York, N.Y. :
Name of publisher, distributor, etc. Scholastic,
Date of publication, distribution, etc. c1999.
300 ## - PHYSICAL DESCRIPTION
Extent 1 v. (unpaged) :
Other physical details col. ill. ;
Dimensions 24 cm.
520 ## - SUMMARY, ETC.
Summary, etc. One thing leads to another when you give a pig a pancake.
650 #0 - SUBJECT ADDED ENTRY--TOPICAL TERM
Topical term or geographic name as entry element Swine
Form subdivision Juvenile fiction.
650 #1 - SUBJECT ADDED ENTRY--TOPICAL TERM
Topical term or geographic name as entry element Pigs
Form subdivision Fiction.
655 #0 - INDEX TERM--GENRE/FORM
Genre/form data or focus term Picture books for children.
655 #1 - INDEX TERM--GENRE/FORM
Genre/form data or focus term Spanish language materials.
655 #7 - INDEX TERM--GENRE/FORM
Genre/form data or focus term Materiales en espa©łol.
Source of term local.
655 #7 - INDEX TERM--GENRE/FORM
Genre/form data or focus term Cerdos.
Source of term bidex.
700 1# - ADDED ENTRY--PERSONAL NAME
Personal name Bond, Felicia,
Relator term illustrator.
700 1# - ADDED ENTRY--PERSONAL NAME
Personal name Mlawer, Teresa.
942 ## - ADDED ENTRY ELEMENTS (KOHA)
Koha item type Libro/Book
Holdings
Withdrawn status Lost status Damaged status Not for loan Home library Current library Shelving location Date acquired Total Checkouts Total Renewals Full call number Barcode Date last seen Date checked out Price effective from Koha item type Inventory number
        Barbudos -- Satellite Barbudos -- Satellite   08/01/2019       35800928 16/02/2022   08/01/2019 Libro/Book Inventory date: 7/7/25
        San Juan Del Sur -- Biblioteca Genizero   07/05/2014 5     30002805 20/01/2017 19/01/2017 07/05/2014 Libro/Book  
        San Juan Del Sur -- Biblioteca San Juan Del Sur -- Biblioteca Children's Area 18/04/2014 23   CAJA ESPANOL 30000785 16/12/2019 10/12/2019 18/04/2014 Libro/Book  

Powered by Koha